MDQL
is popping MORE tags! Check the
thread
!
Quizzes
Events
Quiz Creation
Community
Videos
Private Events
Remove Ads
Sign In
Join for FREE
Feedback
Dark Mode
Quiz Categories
Sports
Geography
Music
Movies
Television
Just For Fun
Miscellaneous
History
Literature
Language
Science
Gaming
Entertainment
Religion
Holiday
For Kids
Quiz Lab
Recent
Popular Today
Quiz Kudos Today
Editor Picks
Curator Picks
Quizzes by...
Day
Popularity
Type
Ratings
Length
Year
Community
Subscriptions
Recent Discussions
Orange Saloon
Badges
Playlists
Quests
Create
Leaderboards
Showdown
Live 5
Trivia Bingo
Activity
Puzzle Library
Sporcle Events
Private Events
Virtual Trivia
Globe League
Become a Host
Pub Owners
SporcleCon
Opinionation
Our Games
Videos
Blog
Mobile Apps
Partnerships
Remove Ads and Go Orange
Feedback
Sports
Athletes
MLB
NBA
NHL
NFL
Soccer
Sports Teams
WWE
NCAA
Football
Premier League
Basketball
Baseball
Hockey
Golf
Tennis
Cricket
Rugby
Auto Racing
Olympics
World Cup
Sports
Athletes
MLB
NBA
NHL
NFL
Soccer
Sports Teams
WWE
NCAA
Football
Premier League
Basketball
Baseball
Hockey
Golf
Tennis
Cricket
Rugby
Auto Racing
Olympics
World Cup
Random Quiz
Search Sporcle
×
Retired
Retired
Sports
Auto Racing
Type in answers that appear in a list
Type in answers that appear in a list
Classic
Best Score? Go Orange.
Daytona 500 Lap Leaders by Year Stats
Can you name the driver who led the most laps on the Daytona 500 race for each year?
By
TheNASCARBrain
8m
63 Questions
4,436 Plays
4,436 Plays
4,436 Plays
Comments
Comments
Give Quiz Kudos
Give Quiz Kudos
-
- Ratings
hide this ad
Replay
Link that replays current quiz
Next Quiz
Link to next quiz in quiz playlist
You Got
0%
They Got
Avg Score
60%
Avg Friend Score
Upgrade to see
Score Distribution
Jump to the score distribution portion of the page
Score
0/63
Timer
08:00
1
Play Today
Year
Led Most Laps
% Correct
1998
Dale Earnhardt
94.3%
1993
Dale Earnhardt
94.3%
1990
Dale Earnhardt
94.3%
2006
Dale Earnhardt Jr.
93.7%
2014
Dale Earnhardt Jr.
93.6%
1964
Richard Petty
88.2%
1966
Richard Petty
88.2%
1971
Richard Petty
88.2%
1974
Richard Petty
88.2%
1960
Junior Johnson
87.5%
2015
Jeff Gordon
87.3%
1991
Kyle Petty
87.1%
2021
Denny Hamlin
84.7%
2009
Kyle Busch
81.9%
2008
Kyle Busch
81.9%
2007
Kurt Busch
81.8%
2016
Denny Hamlin
77.9%
2012
Denny Hamlin
77.9%
2020
Denny Hamlin
77.5%
2005
Tony Stewart
74.2%
2004
Tony Stewart
74.2%
2003
Michael Waltrip
73.3%
1987
Bill Elliott
67.5%
1985
Bill Elliott
67.5%
2010
Kevin Harvick
67.1%
2017
Kevin Harvick
66.5%
1988
Bobby Allison
64.8%
1982
Bobby Allison
64.8%
1981
Bobby Allison
64.8%
1992
Davey Allison
64.7%
1999
Rusty Wallace
64.7%
1979
Donnie Allison
64.4%
Year
Led Most Laps
% Correct
1969
Donnie Allison
64.4%
1984
Cale Yarborough
62.3%
1977
Cale Yarborough
62.3%
1968
Cale Yarborough
62.3%
1997
Mark Martin
60.5%
1996
Terry Labonte
59.4%
2000
Dale Jarrett
59.4%
2013
Matt Kenseth
58.3%
2002
Sterling Marlin
56.5%
1995
Sterling Marlin
56.5%
2011
Ryan Newman
51.1%
1970
David Pearson
50.7%
1975
David Pearson
50.7%
2001
Ward Burton
45.4%
2018
Ryan Blaney
44.4%
1967
Mario Andretti
40.3%
1980
Buddy Baker
39.9%
1978
Buddy Baker
39.9%
1973
Buddy Baker
39.9%
1961
Fireball Roberts
37.9%
1962
Fireball Roberts
37.9%
1972
A.J. Foyt
37.7%
1976
A.J. Foyt
37.7%
1986
Geoffrey Bodine
37.5%
1994
Ernie Irvan
35.9%
1989
Ken Schrader
29.9%
1959
Jack Smith
27.3%
2019
Matt DiBenedetto
23.3%
1963
Fred Lorenzen
20.2%
1965
Marvin Panch
16.3%
1983
Joe Ruttman
8.6%
Quiz Playlist
Details
Report
Send in Message
Add To Playlist
Classic:
Type in answers that appear in a list
Quiz Source
Last Updated: Feb 18, 2022
Featured
Quiz Scoreboard
CHALLENGE
Sign Up to Join the Scoreboard
Show All
Scores
Hide
Comments
May contain spoilers
Recently Published
5x2 Blitz: Bands
by SL_Kpop136
Music
30s
Colored Red Africa Blitz
by spor1
Geography
30s
Find the 'City' Movie
by crazypaving
Movies
60s
More to Explore
Quiz From the Vault
Featured Blog Post
14 Easter Pick-up Lines to Find Eggs With
hide this ad
You Might Also Like...
Tags
Auto Racing Quiz
By Year
Daytona 500
Driver
Lap Records
NASCAR
Nascar Driver
Today's Top Quizzes in Sports
Browse Sports
hide this ad
Today's Top Quizzes in Auto Racing
Browse Auto Racing
Top Contributed Quizzes in Sports
1
Les entraîneurs de l'OM et du PSG au 21e siècle
2
Les meilleurs buteurs des matchs entre le PSG et l’OM
3
Les joueurs passés par le PSG et l'OM
4
Players with Multiple 50 Home Run Seasons
5
2022 World Cup Stars
6
Criteria MLB: Left Handed Sluggers
7
NBA Logic Puzzle 2.0
8
MLB Players with Two .350 Batting Average Seasons
9
Top 10 NHL Goal Scorers of All Time
10
Les joueurs passés par le LOSC et le RC Lens
Explore More
Trending Topics
Harry Potter
Disney
Crossword
Anime
Marvel
Kpop
NBA
The Office
WWE
Soccer
Puzzle
Country
Pokémon
NFL
Song
hide this ad
More By:
TheNASCARBrain
Quiz
Plays
Rating
Category
Featured
Created
Daytona 500 Lap Leaders by Year
4,436
4.63
Sports
Dec 10, 2011
The Clash at Daytona Winners
516
5.00
Sports
Dec 11, 2011
Daytona 500 Champions
496
4.50
Sports
Dec 10, 2011
Brickyard 400 winners
316
4.75
Sports
Dec 10, 2011
Richard Petty's Wins by Car Manufacturer
281
4.00
Sports
Jan 6, 2012
Go to Creator's Profile
Score Distribution
Quiz Creator Spotlight
TheNASCARBrain
Follow
Send a Message
Quizzes Created
-
Created Quiz Play Count
-
More By This Creator
Popular Quizzes Today
1
Colored Red Africa Blitz
2
Find the 'City' Movie
3
Find the US States - No Outlines Minefield
4
5x2 Blitz: Bands
5
The Countries of the World
6
Find the US States
7
US States
8
Find the Countries of Europe - No Outlines Minefield
More Sports Quizzes
2016-17 NBA Playoffs: Fact Checker
Published
Trending Quizzes
Colored Red Europe Blitz I
Colored Red Africa Blitz II
Colored Red Europe Blitz II
Colored Red Europe Blitz III
Colored Red Africa Blitz III
Recently Updated
How Do You Spell That?
pecheneg
Godzilla Movies
pecheneg
Grab Bag: 4-10 Letters
pecheneg
2024 March Madness Bracket
pecheneg
Famous TV Couples
Peacemaker
Champions League XIs: Real Madrid
pecheneg
Largest US Cities 1790-2010
pecheneg
Rides in Walt Disney World
pecheneg
Most Oscar Losses (Acting)
pecheneg
Beyoncé Albums
pecheneg
Trending Topics
Marvel
Anime
Disney
Kpop
Harry Potter
Crossword
NBA
Song
Puzzle
The Office
NFL
WWE
Soccer
Pokémon
Country
Your Account Isn't Verified!
In order to create a playlist on Sporcle, you need to verify the email address you used during registration. Go to your
Sporcle Settings
to finish the process.
Report this User
Report this user for behavior that violates our
Community Guidelines
.
Details:
Send Report
Go to the Sporcle.com Mobile Site →
Comments